00516cam a22001692 4500001001100000005001700011008004100028020001700069040001500086100003400101245007900135250001200214260003500226300001700261650006500278852000300343000002372220151217154506.0130320s xx 000 0 eng d a1438443584 : aKABUcKABU1 aMiller, Norman N.@000018338410aEncounters with witchcraft :bfield notes from Africa /cNorman N. Miller. a1st ed. aNairobi, Kenya :bSuny,c2012. aviii, 232 p. 0aWitchcraftxSocial aspectszAfrica, Sub-Saharan.@00001833851